000 00609nam a22001937a 4500
003 koha_MIRAKIL
005 20250924112419.0
008 250924b tur||||| |||| 00| 0 tur d
020 _a9786052859360
040 _aTR-IsEVY
_btur
_cTR-IsEVY
082 _aFIC MIM/B
100 _aMim
245 0 _aBu evde grev var ! :
_bşenlik ailesi /
_cMim ; resimleyen Diego Funck.
260 _aİzmir :
_bTudem,
_c2024.
300 _a80 s. :
_brenkli resimli ;
_c20 cm.
650 _aÇocuk Edebiyatı.
_vÇocuk Hikayeleri.
_vGrev Yapma.
_vAile İlişkileri.
700 1 _aFunck, Diego.
_cresimleyen.
942 _2ddc
_cBK
999 _c22622
_d22622